| 000 | 00441nab a2200145Ia 4500 | ||
|---|---|---|---|
| 003 | ES-SlBCS | ||
| 005 | 20210601125845.0 | ||
| 008 | 140529s1986 xxu||||| |||| 00| 0 fre d | ||
| 041 | _afre | ||
| 100 | 1 |
_aLewis, Hywel D. _9151218 |
|
| 245 | 0 | 0 |
_aL'esprit et le corps selon O'Shaughnessy _c Hywel D. Lewis |
| 600 | 1 | 4 |
_aO'shaughnessy, B. _9165195 |
| 773 | 0 |
_tArchives de Philosophie _gvol. 49, nº. 1, 1986, págs. 75-97 _wRev1418 |
|
| 942 | _cAR | ||
| 999 |
_c537024 _d537024 |
||